| 000 | 02255cam a2200445 i 4500 | ||
|---|---|---|---|
| 001 | 1164499605 | ||
| 003 | OCoLC | ||
| 005 | 20240626194520.0 | ||
| 008 | 210823r20212003nyu 000 1 eng | ||
| 010 | _a2020455728 | ||
| 020 |
_a9781538720042 _q(trade reissue) |
||
| 020 | _a1538720043 | ||
| 035 |
_a(OCoLC)1164499605 _z(OCoLC)1416355733 |
||
| 037 |
_bGrand Central Pub, C/O Little Brown & Co Order Dept 53 State st 9th Fl, Boston, MA, USA, 02109 _nSAN 200-2205 |
||
| 040 |
_aDLC _beng _erda _cDLC _dBDX _dUKMGB _dYEQ _dZQP _dIHI _dKE7 _dYDX _dOCLCO _dOCL _dOCLCO _dQS3 _dOCLCL |
||
| 050 | 0 | 0 |
_aPS3552.A446 _bS65 2021 |
| 082 | 0 | 0 |
_a813/.54 _223 |
| 100 | 1 |
_aBaldacci, David, _0https://id.loc.gov/authorities/names/n95052956 _eauthor. |
|
| 245 | 1 | 0 |
_aSplit second / _cDavid Baldacci. |
| 260 |
_aNew York : _bGrand Central Publishing, _c[2021] |
||
| 264 | 1 |
_aNew York : _bGrand Central Publishing, _c[2021] |
|
| 300 |
_a425 pages ; _c21 cm. |
||
| 336 |
_atext _btxt _2rdacontent. |
||
| 337 |
_aunmediated _bn _2rdamedia. |
||
| 338 |
_avolume _bnc _2rdacarrier. |
||
| 490 | 0 | _aKing & Maxwell series. | |
| 520 | _aTwo retired Secret Service agents have each had similar experiences losing presidential candidates while assigned to protect them. As the discredited agents enter a maze of lies, secrets, and deadly coincidences, they uncover a shocking truth: that the separate acts of violence that shattered their lives were really a long time in the making--and are a long way from over. | ||
| 650 | 0 |
_aSecret service _vFiction. _0https://id.loc.gov/authorities/subjects/sh2008111429. |
|
| 655 | 7 |
_aPolitical fiction. _2lcgft _0https://id.loc.gov/authorities/genreForms/gf2014026482. |
|
| 655 | 7 |
_anovels. _2aat. |
|
| 655 | 7 |
_aNovels. _2fast. |
|
| 655 | 7 |
_aPolitical fiction. _2fast. |
|
| 655 | 7 |
_aFiction. _2fast. |
|
| 655 | 7 |
_aAction and adventure fiction. _2lcgft _0https://id.loc.gov/authorities/genreForms/gf2014026217. |
|
| 655 | 7 |
_aNovels. _2lcgft _0https://id.loc.gov/authorities/genreForms/gf2015026020. |
|
| 655 | 7 |
_aFiction. _2lcgft _0https://id.loc.gov/authorities/genreForms/gf2014026339. |
|
| 655 | 7 |
_aRomans. _2rvmgf. |
|
| 800 | 1 |
_aBaldacci, David. _tKing & Maxwell series ; _0https://id.loc.gov/authorities/names/no2020126009 _v1. |
|
| 942 | _cBK | ||
| 999 |
_c29913 _d29911 |
||